Aves de Colombia 167 especies... !Déjelas Volar! (Registro nro. 327)

Detalles MARC
000 -CABECERA
Campo de control 00720nam a2200241 a 4500
005 - FECHA Y HORA DE LA ULTIMA TRANSACCION
Campo de control 20160806020002.0
008 - ELEMENTOS DE LONGITUD FIJA—INFORMACION GENERAL
Campo de control 140220b1993 ck a gr|||| 00| 0 spa d
020 ## - ISBN
ISBN 9540414
040 ## - FUENTE DE CATALOGACIÓN
Agencia catalogadora original CO-BoIAVH
Agencia transcriptora CO-BoIAVH
041 ## - IDIOMA
Código de idioma para texto/pista de sonido o título separado Español
044 ## - PAÍS DE PUBLICACIÓN
País de publicación Colombia
082 #4 - NUMERO DE CLASIFICACION DECIMAL DEWEY
Número de clasificación 598.09861
Número del ítem J37a
090 ## - CLASIFICACIÓN LOCAL
Colección LB
Consecutivo 00307
100 1# - ASIENTO PRINCIPAL--NOMBRE PERSONAL
Nombre personal Jaramillo de Olarte, Lucía
9 (RLIN) 7344
245 1# - MENCION DE TITULO
Título Aves de Colombia 167 especies... !Déjelas Volar!
260 ## - PUBLICACION, DISTRIBUCION, ETC. (PIE DE IMPRENTA)
Lugar de publicación, distribución, etc. Bogotá
Nombre del editor, distribuidor, etc. ATA
Fecha de publicación, distribución, etc. 1993
300 ## - DESCRIPCION FISICA
Extensión 288 paginas.
Otros detalles físicos Ilustraciones
Dimensiones 24 x 16 cm
650 #4 - ASIENTO SECUNDARIO DE MATERIA - TERMINO TEMATICO
Término temático o nombre geográfico como elemento de entrada Aves
Subdivisión geográfica Colombia
9 (RLIN) 46073
650 #4 - ASIENTO SECUNDARIO DE MATERIA - TERMINO TEMATICO
Término temático o nombre geográfico como elemento de entrada Guía de campo
Subdivisión geográfica Colombia
9 (RLIN) 46074
650 #4 - ASIENTO SECUNDARIO DE MATERIA - TERMINO TEMATICO
Término temático o nombre geográfico como elemento de entrada Índice de especies
Subdivisión de forma Aves
Subdivisión general Características
Subdivisión geográfica Colombia
9 (RLIN) 46075
662 ## - ASIENTO SECUNDARIO DE MATERIA - JERARQUIA DEL NOMBRE DE LUGAR(
País o entidad mayor Colombia
942 ## - ELEMENTOS ADICIONALES (KOHA)
Tipo de ítem Libro
Sistema de clasificación Dewey Decimal Classification
Koha issues (borrowed), all copies 1
Existencias
Withdrawn status Lost status Sistema de Clasificación Damaged status No para préstamo Colección Inventariado Ubicación Permanente Ubicación actual Fecha de adquisición Fuente de Valor Valor Total Checkouts Número topográfico Inventario / Código de Barras Date last seen Date checked out Ejemplar Price effective from Forma de adquisición Tipo de material
    Dewey Decimal Classification     General Inventariado 2017 Bogotá Bogotá 29/12/1997 Instituto 50000.00 1 LB-598.09861 J37a 000456 05/08/2016 05/08/2016 Ej. 1 04/12/2012   Libro